000 00473nam a2200133 a 4500
008 120416s1974 ||||||||||||||||| || u
050 _aIBRD(08)RS
100 _aOjha, P. D
245 1 0 _aPattern of income distribution in India
246 _a1953-55 to 1963-65
260 _aWashington, [D.C.]
_bWorld Bank
_c1974
350 _a0.00
995 _D0.00
_FCBU-MAIN LIBRARY (Kitwe)
_H1
_I0.00
_UAVAILABLE
_ZInternational Publications
999 _c53203
_d53203